Cvernovka chce byť kreatívne centrum. Má biznisplán zdola
Bývalá továreň na výrobu nití v Bratislave, Cvernovka, dnes ako továreň na umenie a nápady. Sídlo pre ateliéry a štúdiá architektov, dizajnérov, filmárov, fotografov, vývojárov a tvorcov reklamy a digitálneho obsahu. Plán Nadácie Cvernovka. Podpora zo strany samosprávy. Developer YIT Slovakia zatiaľ...
Saved in:
| Main Author: | |
|---|---|
| Format: | Book Chapter |
| Language: | Slovak |
| Subjects: | |
| Tags: |
No Tags, Be the first to tag this record!
|
MARC
| LEADER | 00000naa a2200000 4500 | ||
|---|---|---|---|
| 001 | 0214967 | ||
| 005 | 20231113105046.2 | ||
| 041 | 0 | |a slo | |
| 044 | |a SK | ||
| 245 | 1 | 0 | |a Cvernovka chce byť kreatívne centrum. Má biznisplán zdola |c Daniel Suchý |
| 520 | |a Bývalá továreň na výrobu nití v Bratislave, Cvernovka, dnes ako továreň na umenie a nápady. Sídlo pre ateliéry a štúdiá architektov, dizajnérov, filmárov, fotografov, vývojárov a tvorcov reklamy a digitálneho obsahu. Plán Nadácie Cvernovka. Podpora zo strany samosprávy. Developer YIT Slovakia zatiaľ zdržanlivý. | ||
| 610 | 2 | 0 | |a podnikanie |
| 610 | 2 | 0 | |a podnikatelia |
| 610 | 2 | 0 | |a priemysel kreatívny |
| 610 | 2 | 0 | |a kreativita |
| 610 | 2 | 0 | |a budovy |
| 610 | 2 | 0 | |a mestá |
| 610 | 2 | 0 | |a urbanizmus |
| 610 | 2 | 0 | |a nadácie |
| 100 | 1 | |a Suchý, Daniel | |